The noble scholar, jurist, historian


 His Excellency Dr. Abdul Wahhab bin Ibrahim Abu Sulaiman, may Allah have mercy on him.


 He was born in Umm Al-Qura in the year 1356 AH.

العواصم من الفتن قبل وقوعها في ضوء السنة النبوية / (Record no. 1196)

MARC details
000 -LEADER
fixed length control field 01285cam a2200325 i 4500
003 - CONTROL NUMBER IDENTIFIER
control field SA-RiAUC
005 - DATE AND TIME OF LATEST TRANSACTION
control field 20241011163244.0
008 - FIXED-LENGTH DATA ELEMENTS--GENERAL INFORMATION
fixed length control field 241006s2009 su g b f001r0 ara c
020 ## - INTERNATIONAL STANDARD BOOK NUMBER
International Standard Book Number 9789960038612
040 ## - CATALOGING SOURCE
Original cataloging agency SA-RiSU
Language of cataloging ara
Transcribing agency SA-RiAUC
Description conventions rda
082 04 - DEWEY DECIMAL CLASSIFICATION NUMBER
Classification number 213
090 ## - LOCALLY ASSIGNED LC-TYPE CALL NUMBER (OCLC); LOCAL CALL NUMBER (RLIN)
Classification number (OCLC) (R) ; Classification number, CALL (RLIN) (NR) 213
Local cutter number (OCLC) ; Book number/undivided call number, CALL (RLIN) د و ي
100 1# - MAIN ENTRY--PERSONAL NAME
Personal name الدويش، إبراهيم بن عبد الله بن صالح
Relator term مؤلف.
245 12 - TITLE STATEMENT
Title العواصم من الفتن قبل وقوعها في ضوء السنة النبوية /
Statement of responsibility, etc. إعداد إبراهيم بن عبد الله الدويش.
250 ## - EDITION STATEMENT
Edition statement الطبعة الأولى.
264 #1 - PRODUCTION, PUBLICATION, DISTRIBUTION, MANUFACTURE, AND COPYRIGHT NOTICE
Place of production, publication, distribution, manufacture مكة المكرمة :
Name of producer, publisher, distributor, manufacturer جامعة أم القرى،
Date of production, publication, distribution, manufacture, or copyright notice 2009
300 ## - PHYSICAL DESCRIPTION
Extent 146 صفحة ؛
Dimensions 24 سم.
336 ## - CONTENT TYPE
Content type term نص
Content type code txt
Source rdacontent
Materials specified كتاب
337 ## - MEDIA TYPE
Media type term بدون وسيط
Media type code n
Source rdamedia
338 ## - CARRIER TYPE
Carrier type term مجلد
Carrier type code nc
Source rdacarrier
490 0# - SERIES STATEMENT
Series statement بحوث الدراسات الإسلامية.
500 ## - GENERAL NOTE
General note يشتمل على كشاف.
504 ## - BIBLIOGRAPHY, ETC. NOTE
Bibliography, etc. note يشتمل على ببليوجرافية.
650 #7 - SUBJECT ADDED ENTRY--TOPICAL TERM
Topical term or geographic name entry element الفتن (إسلام)
Source of heading or term aucsh
650 #7 - SUBJECT ADDED ENTRY--TOPICAL TERM
Topical term or geographic name entry element الوعظ والإرشاد
Source of heading or term aucsh
650 #7 - SUBJECT ADDED ENTRY--TOPICAL TERM
Topical term or geographic name entry element الأخلاق الإسلامية
Source of heading or term aucsh
856 4# - ELECTRONIC LOCATION AND ACCESS
Uniform Resource Identifier <a href="http://10.0.0.2:201/8569.pdf">http://10.0.0.2:201/8569.pdf</a>
942 ## - ADDED ENTRY ELEMENTS (KOHA)
Source of classification or shelving scheme Dewey Decimal Classification
Koha item type Books
Suppress in OPAC No
949 ## - LOCAL PROCESSING INFORMATION (OCLC)
a SA-JeALM
d 241006
u mohamedma123
n 1
Holdings
Withdrawn status Lost status Source of classification or shelving scheme Damaged status Not for loan Home library Current library Date acquired Total checkouts Full call number Barcode Date last seen Price effective from Koha item type
    Dewey Decimal Classification     DR AbdElwahab Library DR AbdElwahab Library 10/11/2024   213 د و ي 000001638 10/11/2024 10/11/2024 Books
    Dewey Decimal Classification     DR AbdElwahab Library DR AbdElwahab Library 10/13/2024   213 د و ي 000001732 10/13/2024 10/13/2024 Books